000 00448nam a2200181Ia 4500
001 22824
005 20260414150856.0
008 260414t2023||||xx |||||||||||||| ||spa||
041 _aESP
082 _a624.15
_bV66
100 _aVillarreal Castro, Genner,
_eAUT
245 0 _aDiseño de losas y zapatas aisladas con SAFE
_b
260 _c2023
300 _a71 páginas :
_c29 cm.
650 _a0
654 _aCIC
942 _cLIB
_dJUS
_fJUS
_2ddc
_n
999 _c22824
_d22824